ბათუმის შოთა რუსთაველის სახელმწიფო უნივერსიტეტის ბიბლიოთეკა

ტექნიკური თერმოდინამიკის ამოცანათა კრებული.ნაწ.1 : გაზების თერმოდინამიკა / (ბიბ.ჩანაწერი № 38822)

000 -ლიდერი
ფიქსირებული სიგრძის საკონტროლო ველი 01075nam a2200229Ia 4500
001 - საკონტროლო ნომერი
საკონტროლო ველი 5227
003 - საკონტროლო ნომრის იდენტიფიკატორი
საკონტროლო ველი GE_BSU
005 - ბოლო ოპერაციის თარიღი და დრო
საკონტროლო ველი 20190621151754.0
008 - ფიქსირებული სიგრძის მონაცემთა ელემენტები - ზოგადი ინფორმაცია
ფიქსირებული სიგრძის საკონტროლო ველი 181216s1960|||| |||||||||||||| ||geo||
041 ## - ენის კოდი
Language code of text/sound track or separate title geo
080 ## - უნივერსალური ათობითი კლასიფიკაციის ინდექსი
Universal Decimal Classification number 621.1(076.1)+536.782 ხ-52
100 ## - მთავარი ჩანაწერი - პიროვნების სახელი
Personal name ხიდაშელი, ალ.
9 (RLIN) 2305
245 ## - ცნობა სათაურის შესახებ
Title ტექნიკური თერმოდინამიკის ამოცანათა კრებული.ნაწ.1 : გაზების თერმოდინამიკა /
Statement of responsibility, etc ალ. ხიდაშელი ; რედ: შ.ლომინაძე.
264 ## - წარმოების, გამოცემის, დისტრიბუციის და სხვა ცნობები
გამოცემის, წარმოების, დისტრიბუციის... ადგილი თბილისი :
გამოცემის, წარმოების, დისტრიბუციის... სახელწოდება სპი,
გამოცემის, წარმოების, დისტრიბუციის... თარიღი 1960.
300 ## - ფიზიკური აღწერა
Extent 180 გვ .:
Dimensions 20 სმ.
500 ## - ზოგადი შენიშვნა
General note დანართი:გვ.170-180
504 ## - BIBLIOGRAPHY, ETC. NOTE
Bibliography, etc ბიბლიოგრ.:გვ.180.
653 ## - INDEX TERM--UNCONTROLLED
Uncontrolled term ტექნიკური თერმოდინამიკის ამოცანათა კრებული
653 ## - INDEX TERM--UNCONTROLLED
Uncontrolled term ტექნიკა
700 ## - ADDED ENTRY--PERSONAL NAME
Personal name ლომინაძე, შ
Relator term რედაქტორი
9 (RLIN) 22
942 ## - ADDED ENTRY ELEMENTS (KOHA)
Koha item type წიგნი
Source of classification or shelving scheme
ეგზემპლარები
ჩამოწერის სტატუსი დაკარგული ეგზემპლარის სტატუსი კლასიფიკაციის წყარო ან თაროზე გაწყობის სქემა დაზიანების სტატუსი არ გაიცემა მუდმივი მდებარეობა (დაცვის ადგილი) ამჟამინდელი ადგილსამყოფელი თაროზე განთავსების ადგილი შეძენის თარიღი ღირებულება, შესყიდვის ნორმალური ფასი სრული შენახვის შიფრი შტრიხკოდი ბოლო ოპერაციის თარიღი ეგზემპლარის მიმდევრობითი ნომერი (კეტერი?) ფასის ძალაში შესვლის თარიღი ეგზემპლარის სახეობა საჯარო შენიშვნა
          ტექნოლოგიური ფაკულტეტის ბიბლიოთეკა ტექნოლოგიური ფაკულტეტის ბიბლიოთეკა წიგნსაცავი 2018-12-17 0.00 621.1(076.1)+536.782 ხ-52 10662 2018-12-17 10662 2018-12-17 წიგნი 0,86 თ.
          ტექნოლოგიური ფაკულტეტის ბიბლიოთეკა ტექნოლოგიური ფაკულტეტის ბიბლიოთეკა წიგნსაცავი 2018-12-17 0.00 621.1(076.1)+536.782 ხ-52 10663 2018-12-17 10663 2018-12-17 წიგნი 0,86 თ.
          ტექნოლოგიური ფაკულტეტის ბიბლიოთეკა ტექნოლოგიური ფაკულტეტის ბიბლიოთეკა წიგნსაცავი 2018-12-17 0.00 621.1(076.1)+536.782 ხ-52 10664 2018-12-17 10664 2018-12-17 წიგნი 0,86 თ.